Statistics for XFL Teams 2020

Click here to take the quiz!

General Stats

  • This quiz has been taken 297 times
  • The average score is 6 of 8

Answer Stats

Teams% Correct
Seattle Dragons
78%
Tampa Bay Vipers
76%
St. Louis Battlehawks
74%
Dallas Renegades
72%
DC Defenders
71%
Houston Roughnecks
68%
New York Guardians
67%
LA Wildcats
56%

Score Distribution

Percentile by Number Answered

Percent of People with Each Score

Your Score History

You have not taken this quiz